000 00397nam a2200169Ia 4500
008 230524s9999 xx 000 0 und d
020 _a812030859X
082 _a4.16
_bRAJ
100 _aV.Rajaraman
_92240
245 0 _aComputer Programming in C
250 _a6TH
260 _aNEW DELHI
_bPHI
_c1998
300 _aVIII;363
500 _aQuantity Number: 21
650 _aComp-Sc
942 _cBK
999 _c6221
_d6221